Argos enciclopedia temática : (Registro nro. 8536)
[ vista simple ]
| 000 -CABECERA | |
|---|---|
| Campo de control interno | 01798nam a2200253Ia 4500 |
| 008 - ELEMENTOS DE LONGITUD FIJA - INFORMACIÓN GENERAL | |
| Campo de control de longitud fija | 260220t1972||||xx |||||||||||||| ||spa|| |
| 020 ## - ISBN | |
| ISBN | 8470174614 |
| 040 ## - FUENTE DE CATALOGACIÓN | |
| Agencia de catalogación original | PY-SlUNAC |
| Idioma de catalogación | spa |
| Convenciones de descripción | rda |
| 041 ## - CÓDIGO DE IDIOMA | |
| Código de idioma para texto/pista de sonido o título separado | spa |
| 082 ## - NÚMERO DE CLASIFICACIÓN DECIMAL DEWEY | |
| Clasificación Decimal Dewey (CDD) | 621 |
| Clasificación Expansiva de Cutter (EC) | C262a |
| 100 ## - ASIENTO PRINCIPAL - NOMBRE PERSONAL | |
| Nombre personal | Caratini, Koger |
| Rol del autor | Autor |
| 245 #0 - TÍTULO | |
| Título | Argos enciclopedia temática : |
| Subtítulo | arte del ingeniero / |
| Mención de responsabilidad | por Koger Caratini [Autor] |
| 264 ## - PIE DE IMPRENTA | |
| Lugar | Barcelona : |
| Editorial | Argos S.A., |
| Año | ℗1972. |
| 300 ## - DESCRIPCIÓN FÍSICA | |
| Páginas | 1 volumen |
| 520 ## - NOTA DE RESUMEN | |
| Nota de resumen | El libro "Arte del ingeniero" de Koger Caratini, publicado por Argos S.A. en 1972, explora la intersección entre la ingeniería y el arte, enfatizando la importancia de la creatividad en la resolución de problemas técnicos. A lo largo de sus páginas, Caratini analiza cómo los ingenieros pueden aplicar principios estéticos y artísticos en sus diseños y proyectos, promoviendo una visión holística que trasciende la mera funcionalidad. El autor presenta ejemplos históricos y contemporáneos que ilustran la fusión de estas disciplinas, abogando por un enfoque integrador que favorezca la innovación. Asimismo, el libro aborda la formación del ingeniero moderno, sugiriendo que la educación debe incluir elementos de arte para cultivar una mente más abierta y adaptable. Esta obra se convierte en un recurso valioso tanto para estudiantes como para profesionales que buscan enriquecer su práctica con un entendimiento más profundo de la relación entre técnica y estética, promoviendo una visión del ingeniero como un creador y no solo como un solucionador de problemas. |
| 653 ## - MATERIA - TÉRMINO TEMÁTICO NO CONTROLADO (PALABRAS CLAVE) | |
| Materia - término temático no controlado (palabras clave) | Arquitectura |
| 653 ## - MATERIA - TÉRMINO TEMÁTICO NO CONTROLADO (PALABRAS CLAVE) | |
| Materia - término temático no controlado (palabras clave) | Arte |
| 653 ## - MATERIA - TÉRMINO TEMÁTICO NO CONTROLADO (PALABRAS CLAVE) | |
| Materia - término temático no controlado (palabras clave) | Ingeniería |
| 942 ## - ELEMENTOS PERSONALIZADOS (KOHA) | |
| Fecha catalogación | 2026/02/17 |
| Tipo de documento | Libros |
| Fuente de Clasificacion | Colección | Ubicacion permanente | Biblioteca actual | Fecha de Ingreso a la Biblioteca | Origen de adquisición | Código de ubicación | Código de barras | Tipo de Item KOHA | Nota pública |
|---|---|---|---|---|---|---|---|---|---|
| Dewey Decimal Classification | Colección General (CG) | Biblioteca e Internet, Facultad de Ciencias Exactas y Naturales | Biblioteca e Internet, Facultad de Ciencias Exactas y Naturales | 02/20/2026 | Donación | 621 C262a | CG1896 | Libros | Material disponible en la Biblioteca e Intenet, Campus UNA, San Lorenzo. |


